书目信息 |
| 题名: |
韩国语谚语100条
|
|
| 作者: | 李成道 , 高红姬 编 | |
| 分册: | ||
| 出版信息: | 北京 民族出版社 2007.03 |
|
| 页数: | 281页 | |
| 开本: | 21cm | |
| 丛书名: | 趣味韩国语 | |
| 单 册: | ||
| 中图分类: | H553 | |
| 科图分类: | ||
| 主题词: | 朝鲜语--chao xian yu--谚语--汇编 | |
| 电子资源: | ||
| ISBN: | 7-105-07663-1 | |
| 000 | 01036nam 2200277 450 | |
| 001 | 012008373237 | |
| 005 | 20080603161420.00 | |
| 010 | @a7-105-07663-1@dCNY25.00 | |
| 100 | @a20080603d2007 em y0chiy0120 ea | |
| 101 | 0 | @achi@akor |
| 102 | @aCN@b110000 | |
| 105 | @ay a 000yy | |
| 106 | @ar | |
| 200 | 1 | @a韩国语谚语100条@Ahan guo yu yan yu 100 tiao@f李成道, 高红姬编@Fli cheng dao,gao hong ji bian |
| 210 | @a北京@c民族出版社@d2007.03 | |
| 215 | @a281页@d21cm | |
| 225 | 2 | @a趣味韩国语@Aqu wei han guo yu |
| 320 | @a有书目 (第281页) | |
| 330 | @a本书是通过韩国语中使用频率较高的、能反映韩国文化的100条谚语来帮助大家学习韩国语的书。 本书将这100条谚语按内容分为47课,并对每条谚语的发音、单词、语法、表层义和深层义进行描述和说明。每条谚语还举有两个例子(用例),并附上译文。 | |
| 410 | 0 | @12001 @a趣味韩国语 |
| 606 | 0 | @a朝鲜语@Achao xian yu@x谚语@j汇编 |
| 690 | @aH553@v4 | |
| 701 | 0 | @a李成道@Ali cheng dao@4编 |
| 701 | 0 | @a高红姬@Agao hong ji@4编 |
| 801 | 0 | @aCN@bQSSK@c20080603 |
| 905 | @b723480-82@dH553@eL130@f3 | |
| 韩国语谚语100条/李成道, 高红姬编.-北京:民族出版社,2007.03 |
| 281页;21cm.-(趣味韩国语) |
| ISBN 7-105-07663-1:CNY25.00 |
| 本书是通过韩国语中使用频率较高的、能反映韩国文化的100条谚语来帮助大家学习韩国语的书。 本书将这100条谚语按内容分为47课,并对每条谚语的发音、单词、语法、表层义和深层义进行描述和说明。每条谚语还举有两个例子(用例),并附上译文。 |
| ● |
| 相关链接 |
|
|
|
正题名:韩国语谚语100条
索取号:H553/L130
 
预约/预借
| 序号 | 登录号 | 条形码 | 馆藏地/架位号 | 状态 | 备注 |
| 1 | 723480 | 207234802 | 语言库209/209语言库 137排1列1层/ [索取号:H553/L130] | 在馆 | |
| 2 | 723481 | 207234811 | 语言库209/209语言库 137排1列1层/ [索取号:H553/L130] | 在馆 | |
| 3 | 723482 | 207234820 | 语言库209/209语言库 137排1列1层/ [索取号:H553/L130] | 在馆 |